[Event "Stockholm Chess Challenge 2019"]
[Site "Stockholm"]
[Date "2019.04.29"]
[Round "6.9"]
[White "Jeferli, MohammedAli"]
[Black "Kenneskog, Theodor"]
[Result "0-1"]
[WhiteElo "1881"]
[BlackElo "2306"]
[Annotator "TA"]
[PlyCount "106"]
[EventDate "2019.04.26"]
[EventType "swiss"]
[EventCountry "SWE"]
[SourceTitle "playchess.com"]
[Source "ChessBase"]
[SourceQuality "1"]

{[%evp 13,106,5,18,-37,-39,-45,-11,-13,-40,-35,-39,-25,-35,-45,-11,-9,-7,-21,12,13,14,-10,12,18,15,0,0,0,0,0,0,-17,-12,-10,-6,-18,-9,-23,0,-1,33,25,23,18,33,28,36,18,20,22,22,18,22,23,35,17,17,10,9,10,10,10,11,11,11,-35,-35,-37,-25,-179,-195,-532,-538,-1085,-1090,-1089,-1080,-1083,-1082,-1065,-1072,-1044,-1041,-892,-839,-1253,-700,-1589,-1566,-5077,-738,-29975,-12690,-29981,-29982]} 1. d4 Nf6 2. c4 g6 3. g3 Bg7 4. Bg2 d5 5. cxd5 Nxd5 6. Nc3 Nxc3 7. bxc3 O-O 8. e4 {D71: Fianchetto Grünfeld: 3 g3 d5 sidelines and 5 cxd5 (without Nf3)} (8. Nf3 $11) (8. Nf3 c5 9. O-O Nc6 10. Be3 Be6 11. Ng5 Bd5 12. dxc5 Bxg2 13. Qxd8 Rfxd8 14. Kxg2 Bxc3 15. Rab1 Rd7 16. Rb3 Bd4 17. Rfb1 Bxe3 18. Rxe3 Rc8 {½-½ (33) Li,C (2746)-Nepomniachtchi,I (2740) Moscow 2016}) 8... c5 $15 {[%cal Rc5d4]} 9. e5 Nc6 {[%cal Rc5d4]} 10. Ne2 {The position is equal.} cxd4 11. cxd4 Bg4 {And now ...Bxe2 would win.} 12. f3 Be6 13. f4 {[#] Black must now prevent d5.} Bc4 (13... Bd5 $5 {[%cal Rd5g2]} 14. O-O Bxg2 15. Kxg2 Qd5+ 16. Rf3 Rfd8 $11) 14. Be3 Rc8 $146 ({Predecessor:} 14... Bxe2 15. Kxe2 e6 {½-½ (61) Cserba,A-Biro,G (2089) Budapest 2002}) 15. Qd2 Qa5 16. Qxa5 Nxa5 {[%cal Bc6a5,Ba5c4,Bc4b2,Bb2d3][%mdl 32]} 17. Bf3 Ba6 18. Kf2 Nc4 19. Rac1 Nb2 {[#] ...Nd3+ is the strong threat.} 20. Be4 {next Rb1 is good for White.} Nd3+ 21. Bxd3 $1 Bxd3 22. Rxc8 Rxc8 23. Rc1 Rxc1 24. Bxc1 $11 {[%mdl 4096] Endgame KBB-KBN} Bc4 25. Nc3 Kf8 26. Ke3 Ke8 27. d5 Bf1 28. Kd4 Kd7 29. Ne4 h6 30. Nc5+ Kc7 31. Ba3 b6 32. Ne4 {Threatens to win with Nd2.} Kd7 33. Bb4 Bg2 34. Nd2 g5 35. Nc4 gxf4 36. gxf4 h5 37. Ne3 Bf3 38. f5 Bh6 39. Nf1 Bc1 40. Bc3 Ba3 {aiming for ...Bc5+.} 41. Ng3 $2 (41. e6+ $11 Ke8 42. Ne3) 41... Bc5+ $19 42. Kc4 $2 (42. Kd3) 42... h4 43. Bd4 hxg3 44. hxg3 Be2+ 45. Kc3 Bxd4+ 46. Kxd4 {KB-KP} Bg4 47. Ke4 b5 {[%cal Bb6b5,Bb5b4][%mdl 32]} 48. Kf4 Bd1 49. g4 a5 50. g5 Bc2 51. e6+ Ke8 (51... fxe6 $142 52. dxe6+ Ke8) 52. f6 b4 53. d6 exd6 {Accuracy: White = 37%, Black = 68%.} 0-1

[Event "Stockholm Chess Challenge 2019"]
[Site "Stockholm"]
[Date "2019.04.30"]
[Round "7.1"]
[White "Jogstad, Martin"]
[Black "Maiorov, Nikita"]
[Result "0-1"]
[WhiteElo "2267"]
[BlackElo "2540"]
[Annotator "TA"]
[PlyCount "100"]
[EventDate "2019.04.26"]
[EventType "swiss"]
[EventCountry "SWE"]
[SourceTitle "playchess.com"]
[Source "ChessBase"]
[SourceQuality "1"]

{[%evp 14,118,34,32,72,75,91,67,92,82,111,63,81,69,162,115,124,92,91,64,98,63,64,50,47,42,37,22,45,17,134,78,92,72,102,39,42,37,95,55,68,54,77,7,23,22,27,0,0,-20,-35,-29,-22,-38,-43,-43,-39,-75,-35,-72,-56,-64,-43,-50,-40,-160,-159,-159,-159,-147,-147,-155,-149,-156,-154,-187,-183,-190,-216,-209,-205,-372,-374,-411,-356,-411,-397,-750,-745,-734,-737,-737,-726,-766,-755,-759,-744,-933,-922,-909,-907,-941,-902,-29994,-2664,-29998,-745]} 1. d4 Nf6 2. c4 g6 3. Nc3 Bg7 4. e4 d6 5. Be2 O-O 6. Nf3 Nbd7 7. Be3 e5 8. d5 Nh5 {[#] E93: King's Indian: Classical: Petrosian System with 7...Nbd7} (8... Ng4 9. Bg5 f6 10. Bh4 a5 11. Nd2 Nh6 12. f3 Nf7 13. Qc2 Nc5 14. O-O Bh6 15. Kh1 Bd7 16. b3 Kg7 17. Rab1 Na6 18. a3 c5 19. dxc6 bxc6 {½-½ (31) Giri,A (2780)-Rapport,R (2725) Douglas 2018}) 9. g3 $1 Bf6 10. h4 Be7 {White is slightly better.} 11. Qd2 $146 ({Predecessor:} 11. Nd2 Ng7 12. h5 gxh5 13. Bxh5 f5 14. Qe2 f4 15. gxf4 exf4 16. Bd4 Bf6 {0-1 (50) Van Baarle,J-Murey,J (2500) Arnhem/ Amsterdam 1983}) 11... Ng7 12. h5 Nxh5 13. O-O-O f6 ({Better is} 13... Ndf6 $14) 14. g4 {[%mdl 1024] White has strong compensation.} Ng7 15. Rh6 Rf7 16. Rdh1 Nf8 $1 17. Ne1 Ne8 18. Nd3 g5 19. f3 Ng6 20. R6h2 Bf8 21. Bd1 h6 (21... c5 $11) 22. Ba4 ({White should play} 22. Ne2) 22... Rh7 23. Bf2 Ne7 24. c5 (24. Kb1 $16) 24... dxc5 $1 $14 25. Nxc5 Ng6 (25... b6 $14) 26. Bb3 {aiming for d6+.} Kh8 27. Be3 Nf4 28. Bxf4 (28. Ne2 $16) 28... gxf4 $11 29. Qf2 Nd6 30. Kb1 Nf7 31. Rd1 Bxc5 32. Qxc5 Qd6 33. Qf2 a6 34. Rc1 Bd7 35. Ka1 Ng5 36. Nb1 Be8 37. Nd2 b5 38. Bd1 Rd8 39. Qc5 {[#]} ({White has to play} 39. a3 $1 $15) 39... c6 $1 {[%mdl 512]} 40. dxc6 {Hoping for Qxd6.} Qxc5 41. Rxc5 Rc8 42. Nb3 Rxc6 43. Rxc6 Bxc6 44. Nc5 a5 45. Rd2 h5 46. gxh5 Rxh5 {White must now prevent ...Rh1.} 47. a4 $2 (47. b4 {was worth a try.} axb4 48. Rd6) 47... bxa4 48. Rd6 Bb5 49. Ka2 Rh1 50. Ka3 $2 {[#]} (50. b3 axb3+ 51. Kxb3) 50... Nxf3 {Played: Bb5-e2} 0-1

[Event "Stockholm Chess Challenge 2019"]
[Site "Stockholm"]
[Date "2019.04.30"]
[Round "7.2"]
[White "Ojas Kulkarni"]
[Black "Stupak, Kirill"]
[Result "0-1"]
[WhiteElo "2240"]
[BlackElo "2547"]
[Annotator "TA"]
[PlyCount "54"]
[EventDate "2019.04.26"]
[EventType "swiss"]
[EventCountry "SWE"]
[SourceTitle "playchess.com"]
[Source "ChessBase"]
[SourceQuality "1"]

{[%evp 12,54,22,25,36,29,27,22,29,30,31,33,38,0,27,0,11,0,0,-44,-37,-73,-69,-78,-81,-82,-79,-120,-101,-128,-138,-96,-98,-96,-77,-273,-263,-474,-485,-469,-478,-468,-459,-720,-567]} 1. c4 g6 2. g3 Bg7 3. Bg2 c5 4. Nc3 Nc6 5. e3 Nh6 6. Nge2 Nf5 7. O-O a6 {A36: Symmetrical English vs ...g6: 4 Bg2 Bg7} 8. b3 O-O 9. Bb2 d6 {The position is equal.} 10. d3 Bd7 11. Qd2 Rb8 12. Rad1 (12. Nd5 Bxb2 13. Qxb2 b5 14. Qd2 a5 15. Rfd1 {1-0 (52) Timofeev,A (2589)-Sjugirov,S (2663) St Petersburg 2018}) 12... b5 13. Ba1 $146 ({Predecessor:} 13. Ne4 Qa5 14. Bc3 Bxc3 15. N2xc3 Rfd8 {1-0 (34) Bugajski,R (2330)-Lachowski,A (2205) Warsaw 1997}) 13... Qa5 14. h3 h5 15. Bxc6 Bxc6 16. e4 Nd4 {[#] Strongly threatening ...Nf3+.} 17. Nxd4 cxd4 ({Of course not} 17... Bxd4 $6 18. Nd5 $14) 18. Nd5 Qd8 19. Qg5 {[#]} Rb7 $1 20. cxb5 Bxb5 21. a4 Bd7 {And now ...e6 would win.} 22. Nxe7+ Kh7 23. Qh4 $2 (23. Qd5 $17 Rc7 24. Qxd6) 23... Re8 $19 ({Resist} 23... Rxb3 24. f4 $17) 24. Nf5 $2 (24. Nd5 Qxh4 25. gxh4) 24... gxf5 {Black is clearly winning.} 25. Qxh5+ Kg8 26. exf5 Rxb3 27. f4 (27. Qf3 $142) 27... Re3 {Played: Qd8-a5} 0-1

[Event "Stockholm Chess Challenge 2019"]
[Site "Stockholm"]
[Date "2019.04.30"]
[Round "7.3"]
[White "Siddharth, Jagadeesh"]
[Black "Seo, Jung Min"]
[Result "1-0"]
[WhiteElo "2132"]
[BlackElo "2386"]
[Annotator "NA"]
[PlyCount "117"]
[EventDate "2019.04.26"]
[EventType "swiss"]
[EventCountry "SWE"]
[SourceTitle "playchess.com"]
[Source "ChessBase"]
[SourceQuality "1"]
[TimeControl "40/5400+30:900+30"]

1. d4 {[%emt 0:00:00]} Nf6 {[%emt 0:05:15]} 2. c4 {[%emt 0:00:00]} e6 {[%emt 0:00:12]} 3. g3 {[%emt 0:00:00]} c5 {[%emt 0:01:01]} 4. Nf3 {[%emt 0:00:07]} cxd4 {[%emt 0:01:36]} 5. Nxd4 {[%emt 0:00:09]} Bc5 {[%emt 0:01:47]} (5... d5 6. Bg2 e5 7. Nb3 d4 8. O-O Nc6 9. Bg5 Be7 10. e3 Bg4 11. Qd2 O-O 12. exd4 exd4 13. Bxc6 bxc6 14. Qxd4 Qc8 15. Re1 Rd8 16. Qe3 {½-½ (26) Li,C (2732)-Dubov,D (2696) Liaocheng 2018}) 6. Nb3 {[%emt 0:01:05] A32: Symmetrical English: 2 Nf3 Nf6 3 d4 cxd4 4 Nxd4 e6} Be7 {[%emt 0:00:45]} 7. Bg2 {[%emt 0:01:23]} Qc7 {[%emt 0:00:19]} 8. N3d2 {[%emt 0:03:19]} Nc6 {[%emt 0:01:26]} 9. O-O {[%emt 0:00:16]} b6 {[%emt 0:00:30]} 10. Nc3 {[%emt 0:01:23]} Bb7 {[%emt 0:00:15]} 11. b3 {[%emt 0:00:52]} O-O {[%emt 0:01:21]} 12. Bb2 {[%emt 0:01:11]} a6 $146 {[%emt 0:01:16]} ({Predecessor:} 12... Rac8 13. Rc1 {0-1 (29) Schuster,B-Richter,M Passau 1995}) 13. Qc2 {[%emt 0:01:58]} Nb4 {[%emt 0:03:28]} 14. Qd1 {[%emt 0:02:34]} Bxg2 {[%emt 0:00:54]} 15. Kxg2 {[%emt 0:00:53]} b5 {[%emt 0:04:08]} 16. a3 {[%emt 0:06:04]} Qb7+ {[%emt 0:02:07]} 17. f3 {[%emt 0:03:23]} Nc6 {[%emt 0:00:08]} 18. e4 {[%emt 0:07:09]} Rfd8 {[%emt 0:09:25]} 19. cxb5 {[%emt 0:14:10]} axb5 {[%emt 0:00:34]} 20. Qe2 {[%emt 0:00:26]} Nd4 {[%emt 0:12:28]} 21. Qd3 {[%emt 0:03:38]} e5 {[%emt 0:00:18]} 22. Ne2 {[%emt 0:01:49]} Nc6 {[%emt 0:04:11]} 23. Nc3 {[%emt 0:06:13]} b4 {[%emt 0:13:45]} 24. axb4 {[%emt 0:05:20]} Nxb4 {[%emt 0:00:16]} 25. Qe2 {[%emt 0:00:25]} Nc2 {[%emt 0:05:48]} 26. Rxa8 {[%emt 0:02:53]} Rxa8 {[%emt 0:01:04]} 27. Qd3 {[%emt 0:01:46]} Nb4 {[%emt 0:02:53]} 28. Qe2 {[%emt 0:01:29]} h6 {[%emt 0:04:23]} 29. Ra1 {[%emt 0:01:20]} Rc8 {[%emt 0:03:03]} 30. Nc4 {[%emt 0:04:55]} Nc6 {[%emt 0:02:34]} 31. Nd5 {[%emt 0:00:28]} Bc5 {[%emt 0:04:17]} 32. Nxf6+ {[%emt 0:02:38]} gxf6 {[%emt 0:00:01]} 33. Qd3 {[%emt 0:00:22]} Rb8 {[%emt 0:01:34]} 34. Ba3 {[%emt 0:02:54]} Bxa3 {[%emt 0:04:40]} 35. Rxa3 {[%emt 0:01:36]} Nd4 {[%emt 0:00:06]} 36. Nd2 {[%emt 0:14:07]} Rc8 {[%emt 0:00:49]} 37. Nc4 {[%emt 0:07:07]} Rb8 {[%emt 0:02:36]} 38. Nd2 {[%emt 0:00:02]} Kg7 {[%emt 0:00:43]} 39. Ra5 {[%emt 0:02:49]} Rc8 {[%emt 0:01:43]} 40. Rd5 {[%emt 0:00:52]} Qb4 {[%emt 0:01:17]} 41. Nc4 {[%emt 0:03:30]} Ra8 {[%emt 0:05:23]} 42. f4 Ra2+ {[%emt 0:01:47]} 43. Kh3 $15 {[%emt 0:01:52]} Qe1 {[%emt 0:08:28]} 44. fxe5 {[%emt 0:00:16]} Qf2 $2 {[%emt 0:05:36]} (44... fxe5 $11 45. Nxe5 d6) 45. exf6+ {[%emt 0:00:53]} ({Not} 45. Rxd4 $2 Qxh2+ 46. Kg4 h5+ 47. Kf4 Qf2+ 48. Qf3 Qxd4 $19) 45... Kg8 {[%emt 0:00:27]} 46. Qxd4 {[%emt 0:00:52]} Qxh2+ {[%emt 0:00:14]} 47. Kg4 {[%emt 0:00:04]} Qe2+ {[%emt 0:00:20]} 48. Kf4 {[%emt 0:01:14]} Qf1+ {[%emt 0:00:53]} 49. Ke5 {[%emt 0:00:56]} Qh3 {[%emt 0:00:03]} 50. Rxd7 {[%emt 0:00:39]} Ra6 {[%emt 0:01:10]} 51. Rd8+ {[%emt 0:08:37]} Kh7 {[%emt 0:00:03]} 52. Kd5 {[%emt 0:00:15]} Qe6+ {[%emt 0:00:49]} 53. Kc5 {[%emt 0:00:01]} Ra7 {[%emt 0:00:20]} 54. Kb4 {[%emt 0:00:29]} Qa6 {[%emt 0:00:05]} 55. Rd7 {[%emt 0:01:08]} Ra8 {[%emt 0:00:49]} 56. Rxf7+ {[%emt 0:00:05]} Kh8 {[%emt 0:00:06]} 57. Qd6 {[%emt 0:01:01]} Qc8 {[%emt 0:00:06]} 58. Rc7 {[%emt 0:01:06]} Qb8+ {[%emt 0:00:18]} 59. Kc3 1-0

[Event "Stockholm Chess Challenge 2019"]
[Site "Stockholm"]
[Date "2019.04.30"]
[Round "7.4"]
[White "Blomqvist, Erik"]
[Black "Trost, Edvin"]
[Result "1-0"]
[WhiteElo "2496"]
[BlackElo "2075"]
[Annotator "TA"]
[PlyCount "67"]
[EventDate "2019.04.26"]
[EventType "swiss"]
[EventCountry "SWE"]
[SourceTitle "playchess.com"]
[Source "ChessBase"]
[SourceQuality "1"]

{[%evp 11,66,-3,-9,-25,-19,-15,-14,-16,-6,-11,0,4,12,12,11,11,20,0,154,71,113,92,93,84,100,111,109,84,180,174,247,250,269,269,337,337,315,295,474,453,565,572,1134,840,1137,1114,1342,1342,2537,2475,29984,6567,29988,29989,29993,29992,29996]} 1. e4 c5 2. Nf3 e6 3. g3 Nc6 4. Bg2 Nf6 5. d3 d5 6. Qe2 Be7 7. e5 {C00: French: Unusual White 2nd moves} Nd7 8. c4 d4 (8... b5 9. cxd5 exd5 10. Nc3 Ndb8 11. O-O b4 12. Na4 Bg4 13. Be3 Nd7 14. h3 Be6 {1-0 (43) Adams,M (2712)-Vocaturo,D (2615) Batumi 2018}) 9. h4 {The position is equal.} Qc7 {[%cal Rc6e5]} 10. Bf4 Rb8 11. Nbd2 b6 $146 ({Predecessor:} 11... b5 12. cxb5 Nb4 13. Nc4 Rxb5 {½-½ (24) Coelho,L (2190)-Valle,A (2227) Brazil 2001}) 12. O-O O-O 13. Rfe1 Re8 14. Ne4 Rd8 $2 {[#]} (14... Bb7 $11) 15. Nd6 (15. Nfg5 $142 $1) 15... Ba6 16. Ng5 Bxg5 17. hxg5 Ne7 18. Be4 $36 {[%mdl 2048] White is on the roll.} Nf8 19. a4 {[%cal Ba2a4,Ba4b5][%mdl 32]} Bc8 {[#]} (19... Nc8 $16) 20. g4 $1 $18 ({Resist} 20. Qh5 Neg6 $16) 20... Bd7 (20... Qd7 $142 21. a5 b5) 21. Nb5 Bxb5 22. axb5 Neg6 23. Bg3 Ne7 24. f4 Nc8 $2 (24... Rbc8 25. Qh2 g6) 25. Qh2 Qe7 26. Kf2 f6 27. gxf6 gxf6 28. exf6 Qf7 29. f5 exf5 30. gxf5 Rb7 31. Be5 Kh8 32. Bxb7 h5 33. Bf3 Qd5 {Accuracy: White = 78%, Black = 26%.} 34. Qxh5+ 1-0

[Event "Stockholm Chess Challenge 2019"]
[Site "Stockholm"]
[Date "2019.04.30"]
[Round "7.5"]
[White "Kucuksari, Kaan"]
[Black "Sorensen, Hampus"]
[Result "1/2-1/2"]
[WhiteElo "2301"]
[BlackElo "2319"]
[Annotator "TA"]
[PlyCount "136"]
[EventDate "2019.04.26"]
[EventType "swiss"]
[EventCountry "SWE"]
[SourceTitle "playchess.com"]
[Source "ChessBase"]
[SourceQuality "1"]

{[%evp 19,136,0,0,0,18,14,14,16,39,7,23,-11,22,16,40,16,16,5,27,33,29,15,26,25,135,145,239,237,217,217,226,209,209,220,200,212,202,202,253,244,244,243,236,232,235,201,208,0,222,174,260,256,506,214,360,333,389,359,383,315,297,253,292,172,178,0,0,0,0,0,0,-6,0,-17,0,0,0,-25,0,-60,0,0,0,0,0,0,0,0,0,0,0,0,0,0,0,0,0,0,0,0,0,0,0,0,0,0,0,0,0,0,0,0,0,0,0,0,0,0,0]} 1. d4 d5 2. Nf3 e6 3. e3 Nf6 4. Bd3 c5 5. c3 Nbd7 6. Nbd2 Be7 7. O-O O-O 8. Re1 b6 9. e4 dxe4 10. Nxe4 Bb7 11. dxc5 {D05: Colle System with ...e6} Nxc5 12. Nxc5 bxc5 13. Qe2 Qb6 14. Bg5 h6 {[#] Threatens to win with ...Bxf3.} 15. Bh4 Rad8 (15... Bxf3 $5 16. Qxf3 Qxb2 $11) 16. Ne5 Rd5 17. Bc4 {Black must now prevent Bxf6.} Rd6 $1 18. a4 {[%cal Ba2a4,Ba4a5,Ba5a6][%mdl 32]} Rfd8 {Threatening ...Rd2.} 19. a5 Qc7 20. Bg3 Qc8 21. a6 $36 {[%mdl 2048] White is pushing.} Ba8 (21... Bd5 $11 {remains equal.}) 22. Ng6 $1 $16 {[%cal Rg6e7]} fxg6 (22... Bf8 $16) 23. Bxd6 $18 Qc6 {[%csl Ga8][%cal Rc6g2]} 24. Qxe6+ Kh7 {[%csl Ga8][%cal Rc6g2] [#]} 25. Bd5 $1 {[%cal Rd5c6]} Nxd5 26. Bxe7 Nxe7 {[%csl Ga8][%cal Rc6g2]} 27. Qxc6 Nxc6 28. Rad1 {Hoping for Rxd8.} Rb8 29. h4 Kg8 30. Rd5 {[%mdl 1024] White has strong compensation.} Kf7 31. Rd7+ Kf6 32. Rd6+ Kf7 33. Rd7+ Kf6 34. f3 Rc8 ({Don't blunder} 34... Rxb2 $2 35. Re8 $18) (34... g5 $142) 35. Red1 Rb8 $2 (35... Re8 {was necessary.} 36. R1d6+ Re6 37. Rxe6+ Kxe6 38. Rxg7 Ne7) 36. Rc7 (36. R1d6+ $142 Ke5 37. Rxg6) 36... Ke5 (36... g5 $142 37. hxg5+ hxg5 38. Rd6+ Ke5 39. Rdxc6 Bxc6) 37. Rxg7 Kf4 38. Rd2 Ne5 39. Kf2 g5 40. Rxa7 gxh4 41. b4 (41. Re7 $142) 41... h3 42. Rxa8 $2 ({Inferior is} 42. bxc5 h2 $11) (42. gxh3 $18 {Strongly threatening Re7.} cxb4 43. Rd4+ Kf5 44. cxb4) 42... Rxa8 {[%mdl 4096] Endgame KRN-KR} 43. g3+ Kf5 44. b5 Ke6 45. Ra2 Nd7 46. a7 Kd5 47. Rd2+ Ke6 48. Ra2 Kd5 49. Ra6 ({Better is} 49. Rd2+ $11 Ke6 50. Ra2) 49... Kc4 (49... h2 $15 50. Kg2 c4 51. Kxh2 Kc5) 50. b6 $11 {The position is equal.} Nxb6 (50... h2 $5 51. Kg2 $8 Nxb6 52. Rxb6 Rxa7 $11) 51. Rxb6 Rxa7 52. Rxh6 Kxc3 {KR-KR} 53. g4 c4 54. Ke3 Re7+ 55. Kf4 Rf7+ 56. Ke4 Re7+ 57. Kd5 Kd3 58. Rxh3 c3 59. f4+ Re3 60. Rh1 c2 61. g5 Kd2 62. Ra1 Ra3 (62... Re1 $5 63. Ra2 $8 Rh1 $11) 63. Rh1 Rd3+ 64. Ke6 Re3+ 65. Kf6 Re1 66. Rh2+ Re2 67. Rh1 Re1 68. Rh2+ Re2 {Accuracy: White = 60%, Black = 46%.} 1/2-1/2

[Event "Stockholm Chess Challenge 2019"]
[Site "Stockholm"]
[Date "2019.04.30"]
[Round "7.6"]
[White "Dev, Shah"]
[Black "Savitha Shri B"]
[Result "1/2-1/2"]
[WhiteElo "2020"]
[BlackElo "1895"]
[Annotator "NA"]
[PlyCount "86"]
[EventDate "2019.04.26"]
[EventType "swiss"]
[EventCountry "SWE"]
[SourceTitle "playchess.com"]
[Source "ChessBase"]
[SourceQuality "1"]
[TimeControl "40/5400+30:900+30"]

1. d4 {[%emt 0:00:30]} Nf6 {[%emt 0:00:00]} 2. c4 {[%emt 0:00:07]} g6 {[%emt 0:00:00]} 3. Nc3 {[%emt 0:00:05]} Bg7 {[%emt 0:00:00]} 4. e4 {[%emt 0:00:05]} d6 {[%emt 0:00:00]} 5. f3 {[%emt 0:00:08]} O-O {[%emt 0:00:04]} 6. Be3 {[%emt 0:00:10]} e5 {[%emt 0:00:05]} 7. Nge2 {[%emt 0:00:05]} Nbd7 {[%emt 0:00:46]} 8. d5 {[%emt 0:01:22]} Ne8 {[%emt 0:04:11]} 9. Qd2 {[%emt 0:02:39]} Nb6 {[%emt 0:07:18]} 10. b3 {[%emt 0:11:52]} Qe7 {[%emt 0:12:39]} 11. O-O-O {[%emt 0:02:52]} c6 {[%emt 0:01:03]} 12. Kb1 {[%emt 0:09:05]} f5 {[%emt 0:03:18]} 13. Nc1 {[%emt 0:12:36]} c5 {[%emt 0:04:47]} 14. h3 {[%emt 0:07:03]} f4 {[%emt 0:01:30]} 15. Bf2 {[%emt 0:00:29]} a5 {[%emt 0:00:40]} 16. a3 {[%emt 0:02:07]} Bd7 {[%emt 0:09:19]} 17. h4 {[%emt 0:23:08]} Nf6 {[%emt 0:05:33]} 18. Bd3 {[%emt 0:04:22]} Nh5 {[%emt 0:01:37]} 19. N3e2 {[%emt 0:01:02]} Nc8 {[%emt 0:05:21]} 20. Na2 {[%emt 0:02:17]} Qf6 {[%emt 0:08:37]} 21. Rdf1 {[%emt 0:11:06]} Na7 {[%emt 0:06:39]} 22. Nac3 {[%emt 0:01:37]} Rf7 {[%emt 0:00:19]} 23. Ka2 {[%emt 0:01:36]} Rb8 {[%emt 0:00:38]} 24. Nb5 {[%emt 0:02:16]} Nxb5 {[%emt 0:04:35]} 25. cxb5 {[%emt 0:00:14]} b6 {[%emt 0:01:29]} 26. Ra1 {[%emt 0:01:08]} Rc8 {[%emt 0:01:57]} 27. Rhc1 {[%emt 0:00:18]} Be8 {[%emt 0:03:35]} 28. Kb1 {[%emt 0:00:47]} Rfc7 {[%emt 0:01:10]} 29. a4 {[%emt 0:01:36]} Qe7 {[%emt 0:00:54]} 30. Qe1 {[%emt 0:00:33]} Bf6 {[%emt 0:00:48]} 31. Ra2 {[%emt 0:01:13]} Qd8 {[%emt 0:02:08]} 32. Rd1 {[%emt 0:00:55]} Rf7 {[%emt 0:01:19]} 33. Qh1 {[%emt 0:00:32]} Kh8 {[%emt 0:01:17]} 34. Qh2 {[%emt 0:00:14]} Be7 {[%emt 0:01:15]} 35. Rg1 {[%emt 0:00:12]} Bd7 {[%emt 0:00:35]} 36. Rc2 {[%emt 0:00:19]} Qc7 {[%emt 0:01:41]} 37. Rcc1 {[%emt 0:00:25]} Rcf8 {[%emt 0:00:04]} 38. Rcf1 {[%emt 0:00:25]} Qd8 {[%emt 0:00:01]} 39. Be1 {[%emt 0:00:22]} Bc8 {[%emt 0:00:53]} 40. Rh1 {[%emt 0:00:21]} Bd7 {[%emt 0:01:11]} 41. Qg1 {[%emt 0:15:57]} Bc8 {[%emt 0:16:21]} 42. Qf2 {[%emt 0:01:19]} Bd7 {[%emt 0:00:29]} 43. Qg1 {[%emt 0:00:00]} Bc8 {[%emt 0:00:00]} 1/2-1/2

[Event "Stockholm Chess Challenge 2019"]
[Site "Stockholm"]
[Date "2019.04.30"]
[Round "7.7"]
[White "Kenneskog, Theodor"]
[Black "Crevatin, Leo"]
[Result "1-0"]
[WhiteElo "2306"]
[BlackElo "2208"]
[Annotator "NA"]
[PlyCount "83"]
[EventDate "2019.04.26"]
[EventType "swiss"]
[EventCountry "SWE"]
[SourceTitle "playchess.com"]
[Source "ChessBase"]
[SourceQuality "1"]
[TimeControl "40/5400+30:900+30"]

1. d4 {[%emt 0:00:00]} d5 {[%emt 0:00:00]} 2. c4 {[%emt 0:00:00]} e6 {[%emt 0:00:00]} 3. Nc3 {[%emt 0:00:00]} c6 {[%emt 0:00:00]} 4. Nf3 {[%emt 0:00:00]} dxc4 {[%emt 0:00:00]} 5. a4 {[%emt 0:00:00]} Bb4 {[%emt 0:00:00]} 6. e3 {[%emt 0:00:00]} b5 {[%emt 0:00:00]} 7. Bd2 {[%emt 0:00:03]} a5 {[%emt 0:00:01]} 8. axb5 {[%emt 0:00:04]} Bxc3 {[%emt 0:00:05]} 9. Bxc3 {[%emt 0:00:04]} cxb5 {[%emt 0:00:06]} 10. b3 {[%emt 0:00:02]} Bb7 {[%emt 0:00:06]} 11. bxc4 {[%emt 0:00:03]} b4 {[%emt 0:00:08]} 12. Bb2 {[%emt 0:00:04]} Nf6 {[%emt 0:00:06]} 13. Bd3 {[%emt 0:00:04]} O-O {[%emt 0:00:10]} 14. O-O {[%emt 0:00:04]} Nbd7 {[%emt 0:00:03]} 15. Nd2 {[%emt 0:00:12]} Qc7 {[%emt 0:01:45]} 16. f4 {[%emt 0:00:12]} a4 {[%emt 0:08:23]} 17. Rb1 {[%emt 0:00:09]} Rfd8 {[%emt 0:03:12]} 18. Qe2 {[%emt 0:00:39]} Nb6 {[%emt 0:15:15]} 19. e4 {[%emt 0:06:22]} b3 {[%emt 0:07:38]} 20. Ra1 {[%emt 0:00:28]} Qe7 {[%emt 0:10:56]} 21. e5 {[%emt 0:05:42]} Ne8 {[%emt 0:02:01]} 22. Ba3 {[%emt 0:09:27]} Qc7 {[%emt 0:06:44]} 23. Qe3 {[%emt 0:00:34]} Rac8 {[%emt 0:01:57]} 24. f5 {[%emt 0:03:00]} Qc6 {[%emt 0:13:58]} 25. Be4 {[%emt 0:06:42]} Nxc4 {[%emt 0:05:20]} 26. Qh3 {[%emt 0:00:29]} Qxe4 {[%emt 0:06:57]} 27. Nxe4 {[%emt 0:00:07]} Bxe4 {[%emt 0:00:04]} 28. fxe6 {[%emt 0:00:19]} f5 {[%emt 0:02:00]} 29. exf6 {[%emt 0:05:03]} Nxf6 {[%emt 0:00:56]} 30. e7 {[%emt 0:01:05]} Re8 {[%emt 0:00:41]} 31. Qe6+ {[%emt 0:03:28]} Kh8 {[%emt 0:00:34]} 32. Rxf6 {[%emt 0:01:57]} gxf6 {[%emt 0:04:30]} 33. Qxf6+ {[%emt 0:00:05]} Kg8 {[%emt 0:00:02]} 34. Qe6+ {[%emt 0:00:07]} Kh8 {[%emt 0:00:13]} 35. Rc1 {[%emt 0:00:38]} Bd3 {[%emt 0:02:45]} 36. d5 {[%emt 0:01:00]} Rb8 {[%emt 0:00:59]} 37. Rxc4 {[%emt 0:00:14]} b2 {[%emt 0:00:23]} 38. Bxb2+ {[%emt 0:00:59]} Rxb2 {[%emt 0:00:08]} 39. Qf6+ {[%emt 0:00:04]} Kg8 {[%emt 0:00:06]} 40. Rg4+ {[%emt 0:00:04]} Bg6 {[%emt 0:00:08]} 41. Rxg6+ {[%emt 0:15:25]} hxg6 {[%emt 0:15:03]} 42. Qxg6+ {[%emt 0:00:07]} 1-0